Normal view
MARC view
Entry Topical Term
001 - CONTROL NUMBER
- control field: 50281
003 - CONTROL NUMBER IDENTIFIER
- control field: ARRUPE
005 - DATE AND TIME OF LATEST TRANSACTION
- control field: 20211005095133.0
008 - FIXED-LENGTH DATA ELEMENTS
- fixed length control field: 211005|| aca||aabn | a|a d
040 ## - CATALOGING SOURCE
- Original cataloging agency: ARRUPE
- Transcribing agency: ARRUPE
150 ## - HEADING--TOPICAL TERM
- Topical term or geographic name as entry element: Theology
- Form subdivision: Dictionaries
- General subdivision: German
670 ## - SOURCE DATA FOUND
- Source citation: Work cat.: (ARRUPE)0: Fries, Heinrich, ed. 4039, Handbuch theologischer Grundbegriffe., [1962-63]